01087 2200325 4500001002100000005001500021035002000036007000300056008004100059020002200100040002200122082001600144084001800160090002200178100003700200245013000237250003500367300004500402650002200447700003700469700004600506850001200552504003300564264004600597336002100643337003000664338002300694999002200717990002200739INLIS00000000089708920250616011227 a0010-0625000460ta250616s2024 yoia g ind d a978-623-473-587-7 aYOPDYOGbinderda04223a381.147 a381.147 IKA e aCB-D.11 2024-67401 aI Kadek Satria ArsanaePengarang10aEkonomi digital :b(konsep dan perkembangannya) /cI Kadek Satria Arsana, Allen A. Ch Manongko, Sabriana Oktaviana Gintulangi aCetakan Pertama: November 2024 ax, 188 halaman :bgambar, tabel ;c23 cm 4aPemasaran digital3 aManongko, Allen A. ChePengarang3 aGintulangi, Sabriana OktavianaePengarang aYOPDYOG aBibliografi: halaman 179-18431aSleman :bMadani Kreatif Publisher,c2024 2rdacontentateks 2rdamediaatanpa perantara 2rdacarrieravolume aCB-D.11/2024-6740 aCB-D.11/2024-6740